000 01123nam a22003017a 4500
003 CHAP
005 20220329134725.0
008 971013s1970 r 00010 d
010 _a24853
011 _a25825
035 _a29925
040 _cCHAP
082 _a631.4981
_bI5
110 _aInstituto de Pesquisas e Expeimentacao Agropecuaria do Norte. Belem, Brasil
_959169
245 _aLevantamento de reconhecimento dos solos da colonia agricola Paes de Carvalho, Alenquer, Pará
260 _aBelém :
_bInstituto de Pesquisas e Experimentacao Agropecuárias do Norte. Belem, Brasil,
_c1970
300 _a150 p.
_b; mapa
490 _aSérie solos da Amazonia, vol. 2
_v; no. 2
590 _aBATCH-UPD
_b10
_c20130110
_lUCH01
_h2259
590 _aBATCH-UPD
_b10
_c20130410
_lUCH01
_h1552
590 _aBATCH-UPD
_b10
_c20130914
_lUCH01
_h2036
590 _aCONVERSION
_b10
_c20130109
_lUCH01
_h1314
650 1 4 _aSuelos
_xBrasil.
_9110223
830 0 _aSérie solos da Amazonia, vol. 2
_v; no. 2
_9108276
901 _aBK
942 _cLIBRO
949 _a631.4981 I5
_bBC
_cLIBRO
_d33724000080677
_eLIBRO
_h15285
_i29925
_mD
_si
999 _c24853
_d24853